书目信息 |
| 题名: |
徐州城市建设和管理的实践与探索
|
|
| 作者: | 王昊 主编 | |
| 分册: | 园林篇 | |
| 出版信息: | 北京 中国建筑工业出版社 2017.07 |
|
| 页数: | 221页 | |
| 开本: | 29cm | |
| 丛书名: | ||
| 单 册: | ||
| 中图分类: | F299.2 | |
| 科图分类: | ||
| 主题词: | 城市建设--cheng shi jian she--研究--徐州 , 城市管理--cheng shi guan li--研究--徐州 , 城市--cheng shi--园林设计--研究--徐州 | |
| 电子资源: | ||
| ISBN: | 978-7-112-20263-8 | |
| 000 | 01095nam 2200289 450 | |
| 001 | 0100001522 | |
| 005 | 20190305091751.86 | |
| 010 | @a978-7-112-20263-8@dCNY188.00 | |
| 100 | @a20170926d2017 em y0chiy50 ea | |
| 101 | 0 | @achi |
| 102 | @aCN@b110000 | |
| 105 | @aak z 000yy | |
| 200 | 1 | @a徐州城市建设和管理的实践与探索@Axu zhou cheng shi jian she he guan li de shi jian yu tan suo@i园林篇@f主编王昊 |
| 210 | @a北京@c中国建筑工业出版社@d2017.07 | |
| 215 | @a221页@c彩图@d29cm | |
| 312 | @a英文题名取自封面 | |
| 314 | @a王昊, 任徐州市人民政府副市长。 | |
| 330 | @a本书主要内容包括: 发展中的徐州园林、园林规划、园林建设、城市生态恢复、园林营造、园林管理等。 | |
| 510 | 1 | @aXuzhou city construction and management practice and exploration@iGarden@zeng |
| 517 | 1 | @a园林篇@Ayuan lin pian |
| 606 | 0 | @a城市建设@Acheng shi jian she@x研究@y徐州 |
| 606 | 0 | @a城市管理@Acheng shi guan li@x研究@y徐州 |
| 606 | 0 | @a城市@Acheng shi@x园林设计@x研究@y徐州 |
| 690 | @aF299.2@v5 | |
| 701 | 0 | @a王昊@Awang hao@4主编 |
| 801 | 0 | @aCN@c20180910 |
| 905 | @a河南城建学院图书馆@dF299.2@eW2062 | |
| 徐州城市建设和管理的实践与探索.园林篇/主编王昊.-北京:中国建筑工业出版社,2017.07 |
| 221页:彩图;29cm |
| ISBN 978-7-112-20263-8:CNY188.00 |
| 本书主要内容包括: 发展中的徐州园林、园林规划、园林建设、城市生态恢复、园林营造、园林管理等。 |
| ● |
| 相关链接 |
|
|
|
正题名:徐州城市建设和管理的实践与探索
索取号:F299.2/W2062
 
预约/预借
| 序号 | 登录号 | 条形码 | 馆藏地/架位号 | 状态 | 备注 |
| 1 | 1304444 | 213044445 | 社科库409/409社科库 114排2列3层/ [索取号:F299.2/W2062] | 在馆 | |
| 2 | 1400308 | 214003086 | 社科库409/409社科库 114排2列3层/ [索取号:F299.2/W206-2] | 在馆 |